| 000 | 00841nam a2200253 a 4500 | ||
|---|---|---|---|
| 001 | BRL_187 | ||
| 005 | 20190320210627.0 | ||
| 008 | 080311s1964 mx-#######---#000-0#spa-# | ||
| 040 |
_aDLC _cDLC |
||
| 041 | _aspaeng | ||
| 044 | _amx | ||
| 050 | 4 |
_aE51 _b.C66 1964 |
|
| 111 | 2 |
_aCongreso Internacional de Americanistas _n(35 _d1962 _cMexico) _923168 |
|
| 245 | 1 | 0 |
_aXXXV [i.e. Treinta y cinco] Congreso Internacional de Americanistas México, 1962 _bactas y memorias. |
| 260 |
_aMéxico _bInstituto Nacional de Antropología e Historia _c1964 |
||
| 300 |
_a3 v. _bil. _c24 cm. |
||
| 500 | _av.1Au2012, v.2Au2011 ,v.3Au222 | ||
| 500 | _aEjemplar intonso | ||
| 650 | 1 | 4 |
_aIndios _vCongresos _923169 |
| 650 | 1 | 4 |
_aEtnología _vCongresos _zAmerica _923170 |
| 651 | 4 |
_aAmérica _vCongresos _xAntigüedades _923171 |
|
| 902 | _aGRL | ||
| 942 |
_2lcc _cB |
||
| 999 |
_c9000 _d9000 |
||